000 00768nam a2200253Ia 4500
005 20250425162521.0
008 250425s9999 xx 000 0 und d
020 _a9789978867778
041 _aspa
043 _aec
082 _a341.02636
100 _aCORPORACION, DE ESTUDIOS Y PUBLICACIONES
245 0 _aLEY ORGANICA DEL SISTEMA NACIONAL DE CONTRATACION PUBLICA, LEGISLACION CONEXA, CONCORDANCIAS
250 _a1A ED.
260 _aEcuador
_bCORPORACION DE ESTUDIOS Y PUBLICACIONES
_c2012
260 _aQUITO
_bCORPORACION DE ESTUDIOS Y PUBLICACIONES
300 _a680
500 _a2012
650 _aCONTRATACION PUBLICA-LEGISLACION
650 _aLEYES
710 _aCORPORACION DE ESTUDIOS Y PUBLICACIONES
942 _c01
010 _a80899
999 _c230840
_d230840